[Event "Montreal CC-ch"]
[Site "Montreal CAN"]
[Date "2016.06.12"]
[Round "4.3"]
[White "Cloutier, Mathieu"]
[Black "Boudreau, Daniel"]
[Result "1-0"]
[WhiteElo "2080"]
[BlackElo "2138"]
[PlyCount "139"]
[EventDate "2016.06.10"]
[EventType "swiss"]
[EventRounds "5"]
[EventCountry "CAN"]

1. e4 d5 2. exd5 Qxd5 3. Nc3 Qd6 4. d4 Nf6 5. Bc4 a6 6. Nge2 b5 7. Bd3 Bb7 8.
f3 c5 9. Bf4 Qb6 10. dxc5 Qxc5 11. Qd2 e5 12. Be3 Qc7 13. Rd1 Be7 14. O-O O-O
15. Ng3 g6 16. Nce4 Nbd7 17. Bh6 Nxe4 18. Bxe4 Rfd8 19. Bxb7 Qxb7 20. Qe2 Rac8
21. c3 Qc7 22. Rd2 Nf8 23. Rfd1 Rxd2 24. Rxd2 Ne6 25. Be3 f5 26. Bf2 Kf7 27.
Qd1 Rd8 28. Rxd8 Qxd8 29. Qxd8 Bxd8 30. Ne2 Ke7 31. Nc1 Kd6 32. Nd3 Ba5 33. Kf1
Kd5 34. Ke2 e4 35. fxe4+ fxe4 36. Ne1 b4 37. cxb4 Bxb4 38. Be3 Bxe1 39. Kxe1
Nf8 40. Kd2 Nd7 41. b3 Ne5 42. h3 Nd3 43. Bg5 Ke5 44. Be3 h5 45. a3 Kd5 46. Bg5
Kd4 47. Be7 Kd5 48. Bg5 Nc5 49. Kc3 Nd3 50. Kd2 Kd4 51. g4 hxg4 52. hxg4 Ne5
53. Bf6 Kd5 54. Bxe5 Kxe5 55. Ke3 Kd5 56. g5 a5 57. b4 a4 58. b5 Kc5 59. Kxe4
Kxb5 60. Kd5 Kb6 61. Kc4 Kc6 62. Kb4 Kd6 63. Kxa4 Ke5 64. Kb5 Kf5 65. a4 Kxg5
66. a5 Kf4 67. a6 g5 68. a7 g4 69. a8=Q g3 70. Qg2 1-0

[Event "Montreal CC-ch"]
[Site "Montreal CAN"]
[Date "2016.06.12"]
[Round "4.4"]
[White "Gelet, Seymour"]
[Black "Gauthier, Luc"]
[Result "1-0"]
[WhiteElo "2110"]
[BlackElo "1746"]
[PlyCount "51"]
[EventDate "2016.06.10"]
[EventType "swiss"]
[EventRounds "5"]
[EventCountry "CAN"]

1. d4 d5 2. c4 Nc6 3. Nf3 Bg4 4. cxd5 Bxf3 5. dxc6 Bxc6 6. Nc3 e6 7. e4 Bb4 8.
f3 Ne7 9. Bc4 Ng6 10. O-O Qe7 11. Qb3 O-O-O 12. Be3 b6 13. Rac1 Bxc3 14. Rxc3
Kb7 15. Rfc1 Rc8 16. a4 a5 17. Be2 Bd7 18. Qc4 Qb4 19. Qa6+ Kb8 20. b3 f5 21.
Bd3 f4 22. Bf2 Rhd8 23. d5 Ne5 24. Bb5 Bxb5 25. axb5 exd5 26. Bxb6 1-0

[Event "Montreal CC-ch"]
[Site "Montreal CAN"]
[Date "2016.06.12"]
[Round "4.5"]
[White "Martel, Paul"]
[Black "Tremblay, Alain"]
[Result "0-1"]
[WhiteElo "1715"]
[BlackElo "2232"]
[PlyCount "62"]
[EventDate "2016.06.10"]
[EventType "swiss"]
[EventRounds "5"]
[EventCountry "CAN"]

1. e4 g6 2. g3 Bg7 3. Bg2 d6 4. d3 c5 5. Nc3 Nc6 6. Be3 e6 7. Qd2 Nd4 8. Nge2
Ne7 9. Bh6 Bxh6 10. Qxh6 Nxc2+ 11. Kd2 Nxa1 12. Rxa1 Bd7 13. Qg7 Rf8 14. Qxh7
Qb6 15. Rb1 O-O-O 16. Qh4 Nc6 17. Qf4 Ne5 18. h4 f5 19. Qg5 fxe4 20. Nxe4 Qa6
21. Nc1 Bb5 22. Qe7 Bxd3 23. Nxd6+ Kb8 24. Nxb7 Rfe8 25. Qxc5 Bxb1+ 26. Nxd8
Rxd8+ 27. Ke1 Nc4 28. Qb4+ Kc7 29. Qc5+ Kd7 30. Qd4+ Nd6 31. Nb3 Ke7 {...} 0-1

[Event "Montreal CC-ch"]
[Site "Montreal CAN"]
[Date "2016.06.12"]
[Round "4.7"]
[White "Lopez Linares, Lizandro"]
[Black "Nardone, Raul"]
[Result "1-0"]
[WhiteElo "2151"]
[BlackElo "1817"]
[PlyCount "61"]
[EventDate "2016.06.10"]
[EventType "swiss"]
[EventRounds "5"]
[EventCountry "CAN"]

1. d4 d5 2. c4 e6 3. Nc3 c6 4. cxd5 exd5 5. Qc2 Nf6 6. Bg5 Be7 7. e3 Nbd7 8.
Bd3 O-O 9. Nf3 Re8 10. O-O Nf8 11. h3 Be6 12. Rab1 Qc8 13. Ne5 g6 14. Bxf6 Bxf6
15. f4 Bf5 16. Bxf5 gxf5 17. b4 Rd8 18. Rfc1 Ng6 19. Ne2 Be7 20. Ng3 f6 21. Nf3
a5 22. b5 Qe6 23. Qd3 Bb4 24. bxc6 bxc6 25. Nxf5 Rab8 26. Ng3 Qd6 27. Nh5 Rf8
28. Rc2 c5 29. dxc5 Bxc5 30. Rxb8 Rxb8 31. Qxd5+ 1-0

[Event "Montreal CC-ch"]
[Site "Montreal CAN"]
[Date "2016.06.12"]
[Round "4.8"]
[White "Lepine, Cedric"]
[Black "Baran, Marius"]
[Result "1-0"]
[WhiteElo "2106"]
[BlackElo "1772"]
[PlyCount "107"]
[EventDate "2016.06.10"]
[EventType "swiss"]
[EventRounds "5"]
[EventCountry "CAN"]

1. d4 d5 2. Bf4 Nf6 3. e3 Bf5 4. Bd3 Bxd3 5. Qxd3 c6 6. Nf3 Nbd7 7. Nbd2 Nh5 8.
Bg5 h6 9. Bh4 g5 10. Bg3 Bg7 11. O-O-O Nxg3 12. hxg3 e6 13. e4 Qa5 14. Kb1
O-O-O 15. e5 Kb8 16. Ne1 c5 17. c3 Qb6 18. f4 f5 19. exf6 Bxf6 20. Ndf3 Rdg8
21. Ne5 Nxe5 22. fxe5 Be7 23. Nf3 c4 24. Qc2 Qd8 25. g4 Qe8 26. Rh5 Qg6 27.
Rdh1 Kc7 28. Qxg6 Rxg6 29. Kc2 Kd7 30. Kd2 Ke8 31. b3 cxb3 32. axb3 Kf7 33. c4
dxc4 34. bxc4 Kg7 35. Ke3 Rf8 36. g3 b6 37. Ke4 a5 38. d5 exd5+ 39. cxd5 Bb4
40. Nd4 Ra8 41. Nf5+ Kf8 42. Rxh6 Rxh6 43. Rxh6 Kg8 44. Rxb6 Bf8 45. e6 a4 46.
Rb2 a3 47. Ra2 Ra4+ 48. Ke5 Bg7+ 49. Nxg7 Kxg7 50. e7 Kf7 51. d6 Ra5+ 52. Kd4
Ke8 53. Rf2 Kd7 54. Rf8 1-0

[Event "Montreal CC-ch"]
[Site "Montreal CAN"]
[Date "2016.06.12"]
[Round "4.9"]
[White "Nesterov, Timour"]
[Black "Johnson-Constantin, Matthieu"]
[Result "1-0"]
[WhiteElo "1688"]
[BlackElo "2006"]
[PlyCount "43"]
[EventDate "2016.06.10"]
[EventType "swiss"]
[EventRounds "5"]
[EventCountry "CAN"]

1. d4 Nf6 2. c4 g6 3. Nf3 Bg7 4. Nc3 O-O 5. e4 d6 6. Be2 e5 7. d5 Nbd7 8. h3
Nc5 9. Qc2 a5 10. Be3 Nfd7 11. g4 f5 12. gxf5 gxf5 13. exf5 Qf6 14. Rg1 Qxf5
15. Qxf5 Rxf5 16. Ng5 Nf6 17. Nb5 Bd7 18. Nxc7 Rc8 19. Bxc5 dxc5 20. Nge6 Bxe6
21. Nxe6 Ne8 22. Bg4 1-0

[Event "Montreal CC-ch"]
[Site "Montreal CAN"]
[Date "2016.06.12"]
[Round "4.10"]
[White "Ouellet, Maili-Jade"]
[Black "Kozlov, Guennadi"]
[Result "1-0"]
[WhiteElo "1973"]
[BlackElo "1706"]
[PlyCount "73"]
[EventDate "2016.06.10"]
[EventType "swiss"]
[EventRounds "5"]
[EventCountry "CAN"]

1. d4 d5 2. c4 c6 3. Nf3 e6 4. Nc3 dxc4 5. a4 Bb4 6. e3 b5 7. Bd2 Bxc3 8. Bxc3
Nf6 9. axb5 cxb5 10. b3 Nd5 11. Ba5 Qd6 12. bxc4 bxc4 13. Bxc4 O-O 14. O-O Nc6
15. Bd2 a5 16. Qe2 Ndb4 17. Bc3 Bb7 18. Nd2 Nd5 19. Bb2 Ncb4 20. Ne4 Qc6 21.
Nc5 Nf4 22. Qg4 f5 23. Qxg7+ Kxg7 24. d5+ Kf7 25. dxc6 Bxc6 26. exf4 Nd5 27.
Be5 Rg8 28. Rfe1 Rxg2+ 29. Kxg2 Ne3+ 30. Kh3 Bg2+ 31. Kh4 Nxc4 32. Rad1 Bd5 33.
Rg1 Nxe5 34. fxe5 Rc8 35. Rc1 Rb8 36. Nd3 Rb7 37. Rc8 1-0

[Event "Montreal CC-ch"]
[Site "Montreal CAN"]
[Date "2016.06.12"]
[Round "4.12"]
[White "Barko, Maxim"]
[Black "Millette, Sylvain"]
[Result "1/2-1/2"]
[WhiteElo "1948"]
[BlackElo "1699"]
[PlyCount "104"]
[EventDate "2016.06.10"]
[EventType "swiss"]
[EventRounds "5"]
[EventCountry "CAN"]

1. d4 Nf6 2. c4 g6 3. g3 Bg7 4. Bg2 d5 5. Nf3 O-O 6. O-O c5 7. cxd5 cxd4 8. d6
Qxd6 9. Qxd4 Nc6 10. Qxd6 exd6 11. Nc3 d5 12. Rd1 Be6 13. h3 Rad8 14. Be3 Rd7
15. Nd4 Nxd4 16. Bxd4 b6 17. a4 Rfd8 18. e3 Ne4 19. Nb5 Rc8 20. Rac1 Rxc1 21.
Rxc1 Bxd4 22. Nxd4 Nc5 23. Bf1 Re7 24. a5 Rc7 25. Nb5 Rd7 26. Nd4 Rc7 27. b4
Na6 28. Rxc7 Nxc7 29. Nc6 bxa5 30. bxa5 a6 31. Kg2 Bd7 32. Nb4 Bc8 33. Kf3 Kf8
34. Kf4 f6 35. Nc6 Ne6+ 36. Kf3 Bb7 37. Nd4 Nxd4+ 38. exd4 Ke7 39. Bd3 f5 40.
Kf4 Kf6 41. h4 h6 42. h5 g5+ 43. Ke3 Bc8 44. Kd2 Ke7 45. Kc3 Kd6 46. Kb4 Kc6
47. Bc2 Be6 48. Ba4+ Kd6 49. Be8 Bc8 50. Bf7 Bd7 51. Bg6 Bc8 52. Kc3 Bd7
1/2-1/2

[Event "Montreal CC-ch"]
[Site "Montreal CAN"]
[Date "2016.06.12"]
[Round "4.14"]
[White "Morin, Louis"]
[Black "Hebert, Mario"]
[Result "1-0"]
[WhiteElo "1872"]
[BlackElo "1487"]
[PlyCount "79"]
[EventDate "2016.06.10"]
[EventType "swiss"]
[EventRounds "5"]
[EventCountry "CAN"]

1. e4 e6 2. d4 d5 3. e5 c5 4. Qg4 cxd4 5. Nf3 Nc6 6. Bd3 h6 7. O-O Nge7 8. Re1
Bd7 9. Nbd2 Qb6 10. Nb3 Nb4 11. Nfxd4 Nxd3 12. cxd3 Nc6 13. Bd2 Nxd4 14. Ba5
Qb5 15. Qxd4 Be7 16. Bd2 O-O 17. Qg4 Qxd3 18. Bxh6 Qh7 19. Bd2 Rac8 20. Bc3 Rc4
21. Bd4 Rfc8 22. Qd1 Ba4 23. Bxa7 Rh4 24. h3 Rcc4 25. Rc1 Rxh3 26. gxh3 Qg6+
27. Kh2 Rh4 28. Rc8+ Kh7 29. Qb1 f5 30. Qd3 Bg5 31. Be3 Bb5 32. Qxb5 Qh6 33.
Qf1 f4 34. Bc1 f3 35. Bxg5 Qxg5 36. Qg1 Rxh3+ 37. Kxh3 Qh5+ 38. Kg3 Qg5+ 39.
Kxf3 Qf5+ 40. Kg2 1-0

[Event "Montreal CC-ch"]
[Site "Montreal CAN"]
[Date "2016.06.12"]
[Round "5.2"]
[White "Gelet, Seymour"]
[Black "Cloutier, Mathieu"]
[Result "1-0"]
[WhiteElo "2110"]
[BlackElo "2080"]
[PlyCount "53"]
[EventDate "2016.06.10"]
[EventType "swiss"]
[EventRounds "5"]
[EventCountry "CAN"]

1. d4 Nf6 2. c4 c5 3. d5 e6 4. Nc3 exd5 5. cxd5 d6 6. Nf3 g6 7. g3 Bg7 8. Bg2
O-O 9. Bf4 a6 10. a4 Re8 11. Qd2 Ne4 12. Nxe4 Rxe4 13. O-O Rb4 14. Ra2 Qe7 15.
Bg5 Bf6 16. Ra3 Bxg5 17. Nxg5 Rd4 18. Qe3 Qf8 19. Ne4 f6 20. Rb3 Rxa4 21. Nxf6+
Kg7 22. Ne8+ Kg8 23. Nxd6 Rb4 24. Nxc8 Qxc8 25. Rxb4 cxb4 26. Rc1 Qd7 27. Qe5
1-0

[Event "Montreal CC-ch"]
[Site "Montreal CAN"]
[Date "2016.06.12"]
[Round "5.3"]
[White "Tremblay, Alain"]
[Black "Jacquet, Stephane"]
[Result "1-0"]
[WhiteElo "2232"]
[BlackElo "2054"]
[PlyCount "83"]
[EventDate "2016.06.10"]
[EventType "swiss"]
[EventRounds "5"]
[EventCountry "CAN"]

1. Nf3 Nf6 2. g3 d5 3. Bg2 e6 4. O-O Be7 5. d3 O-O 6. Nbd2 Nbd7 7. e4 dxe4 8.
dxe4 e5 9. Qe2 c6 10. Nc4 Qc7 11. a4 Re8 12. b3 a5 13. Bb2 Bc5 14. Bc3 b6 15.
Rfd1 Ng4 16. Rf1 Ba6 17. h3 Ngf6 18. Rfd1 Bxc4 19. Qxc4 b5 20. Qe2 b4 21. Bb2
Ba7 22. Nd2 Nb6 23. c3 c5 24. Rac1 Qb7 25. cxb4 cxb4 26. Qb5 Qe7 27. Rc6 Nbd7
28. Rdc1 Reb8 29. Qc4 Bb6 30. Nf3 h6 31. Nh4 Nh5 32. Nf5 Qg5 33. Qe2 g6 34. h4
Nxg3 35. Nxg3 Qxg3 36. Rxb6 Qxb3 37. Rd6 Nb6 38. h5 Nxa4 39. Bxe5 Nc3 40. Qg4
Qb2 41. Rxg6+ fxg6 42. Qxg6+ 1-0

[Event "Montreal CC-ch"]
[Site "Montreal CAN"]
[Date "2016.06.12"]
[Round "5.5"]
[White "Durette, Francis"]
[Black "Lepine, Cedric"]
[Result "0-1"]
[WhiteElo "1963"]
[BlackElo "2106"]
[PlyCount "56"]
[EventDate "2016.06.10"]
[EventType "swiss"]
[EventRounds "5"]
[EventCountry "CAN"]

1. e4 Nf6 2. e5 Nd5 3. d4 d6 4. c4 Nb6 5. Nf3 g6 6. exd6 cxd6 7. Be2 Bg7 8. O-O
O-O 9. b3 e5 10. Bb2 e4 11. Nfd2 f5 12. Qc2 d5 13. cxd5 Nxd5 14. Bc4 Nc6 15.
Na3 Be6 16. Rad1 Qe7 17. Nb5 a6 18. Bxd5 Bxd5 19. Ba3 Qg5 20. Nc7 Rfd8 21. Nxd5
Rxd5 22. Qc4 Rad8 23. Nb1 Kh8 24. Bc5 f4 25. Nc3 f3 26. g3 b5 27. Nxe4 Qg4 28.
Qd3 Ne5 0-1

[Event "Montreal CC-ch"]
[Site "Montreal CAN"]
[Date "2016.06.12"]
[Round "5.6"]
[White "Gauthier, Denis"]
[Black "Morin, Louis"]
[Result "1/2-1/2"]
[WhiteElo "1982"]
[BlackElo "1872"]
[PlyCount "149"]
[EventDate "2016.06.10"]
[EventType "swiss"]
[EventRounds "5"]
[EventCountry "CAN"]

1. d4 d5 2. c4 e6 3. Nc3 Nf6 4. cxd5 exd5 5. Bg5 Nbd7 6. e3 Be7 7. Bd3 O-O 8.
Nge2 Re8 9. O-O Nf8 10. a3 Ne6 11. Bh4 g6 12. b4 Ng7 13. Bg3 Bf5 14. Nb5 Bxd3
15. Qxd3 Ne6 16. Nf4 Ng7 17. h3 c6 18. Nc3 a6 19. Na4 Bd6 20. Nc5 Qe7 21. Rfc1
Rab8 22. Rab1 Nfh5 23. Nxh5 Nxh5 24. Bxd6 Qxd6 25. a4 Nf6 26. b5 axb5 27. axb5
Nd7 28. Nxd7 Qxd7 29. bxc6 bxc6 30. Rxb8 Rxb8 31. Qc3 Rb6 32. Qc5 Qb7 33. Kh2
Kg7 34. Rc2 h5 35. Qd6 Ra6 36. h4 Rb6 37. Qe5+ Kh7 38. Qd6 Kg7 39. Kg3 Qc8 40.
Qe5+ Kg8 41. f3 Qe6 42. Qxe6 fxe6 43. Kf4 Kf7 44. Ra2 Rb7 45. Ke5 Ke7 46. Ra3
Rd7 47. Ra8 Rb7 48. Ra3 Kf7 49. Rc3 Rb6 50. g3 Ra6 51. Rb3 Ra7 52. Rb8 Ra3 53.
Rb7+ Ke8 54. Kf4 Rc3 55. Rg7 c5 56. dxc5 Rxc5 57. Rxg6 Kf7 58. Rg5 Kf6 59. Rg8
Rc4+ 60. e4 e5+ 61. Ke3 d4+ 62. Kd2 Rc3 63. Rf8+ Ke6 64. Rf5 Ra3 65. Ke2 Ra2+
66. Kd3 Rg2 67. Rg5 Rf2 68. Rf5 Rg2 69. Rxh5 Rxg3 70. Rf5 Rh3 71. h5 Rh2 72.
Rg5 Rf2 73. Rf5 Rh2 74. Kc4 Rc2+ 75. Kd3 1/2-1/2

[Event "Montreal CC-ch"]
[Site "Montreal CAN"]
[Date "2016.06.12"]
[Round "5.7"]
[White "Nesterov, Timour"]
[Black "Ouellet, Maili-Jade"]
[Result "1-0"]
[WhiteElo "1688"]
[BlackElo "1973"]
[PlyCount "101"]
[EventDate "2016.06.10"]
[EventType "swiss"]
[EventRounds "5"]
[EventCountry "CAN"]

1. e4 c5 2. Nf3 e6 3. d4 cxd4 4. Nxd4 a6 5. c4 Nf6 6. Bd3 Be7 7. O-O d6 8. b3
Nbd7 9. Bb2 Qc7 10. Bc2 b6 11. Kh1 Bb7 12. Qe2 h5 13. f4 O-O-O 14. f5 e5 15.
Nf3 Rdg8 16. Nc3 g6 17. fxg6 Rxg6 18. Nh4 Rg5 19. Nf5 Bf8 20. Rad1 Ne8 21. Ba3
Nc5 22. Nd5 Qd8 23. Qe3 Rhg8 24. Rf2 Bxd5 25. cxd5 Nf6 26. h3 Kb8 27. Rc1 Qd7
28. b4 Nb7 29. Qxb6 Qb5 30. Qxb5 axb5 31. Bd3 R5g6 32. Nh4 Rg3 33. Nf3 Bh6 34.
Rc6 Rc8 35. Rxc8+ Kxc8 36. Re2 h4 37. Bxb5 Nh5 38. Rc2+ Kd8 39. Bc1 Bxc1 40.
Rxc1 Nf4 41. Nxh4 Ra3 42. Rc2 Re3 43. Bc6 Kc7 44. Be8+ Kb6 45. Bxf7 Rxe4 46. a3
Nxd5 47. Bxd5 Rxh4 48. Rd2 Nd8 49. Kh2 Kb5 50. g4 Rh8 51. g5 1-0

[Event "Montreal CC-ch"]
[Site "Montreal CAN"]
[Date "2016.06.12"]
[Round "5.8"]
[White "Robidoux, Julien"]
[Black "Yu, Zong Yang"]
[Result "0-1"]
[WhiteElo "1754"]
[BlackElo "2422"]
[PlyCount "92"]
[EventDate "2016.06.10"]
[EventType "swiss"]
[EventRounds "5"]
[EventCountry "CAN"]

1. e4 c5 2. Nc3 g6 3. g3 Bg7 4. Bg2 Nc6 5. d3 e6 6. Be3 d6 7. Qd2 Rb8 8. Nge2
Nd4 9. O-O b5 10. f4 b4 11. Nd1 Ne7 12. Nc1 O-O 13. c3 bxc3 14. bxc3 Ndc6 15.
f5 exf5 16. Bh6 fxe4 17. Bxg7 Kxg7 18. dxe4 Be6 19. Ne3 Ne5 20. Ne2 Nc4 21.
Nxc4 Bxc4 22. Rfd1 Bxe2 23. Qxe2 Qc7 24. Rd2 Rfd8 25. Rad1 Nc6 26. e5 dxe5 27.
Bxc6 Rxd2 28. Rxd2 Rb1+ 29. Kf2 Qxc6 30. Qxe5+ Qf6+ 31. Qxf6+ Kxf6 32. Ke3 Ke6
33. Kd3 f5 34. Kc4 Rc1 35. Kxc5 Rxc3+ 36. Kd4 Ra3 37. Re2+ Kf6 38. Rc2 h5 39.
Rg2 h4 40. Kc4 hxg3 41. hxg3 Kg5 42. Kd4 Kg4 43. Ke5 Rxg3 44. Rf2 Kg5 45. a4
Re3+ 46. Kd5 Ra3 0-1

[Event "Montreal CC-ch"]
[Site "Montreal CAN"]
[Date "2016.06.12"]
[Round "5.9"]
[White "Gauthier, Luc"]
[Black "Barko, Maxim"]
[Result "0-1"]
[WhiteElo "1746"]
[BlackElo "1948"]
[PlyCount "118"]
[EventDate "2016.06.10"]
[EventType "swiss"]
[EventRounds "5"]
[EventCountry "CAN"]

1. e4 c5 2. Nc3 Nc6 3. f4 e6 4. Nf3 d5 5. exd5 exd5 6. Bb5 Nf6 7. Bxc6+ bxc6 8.
d3 Be7 9. O-O O-O 10. b3 Nd7 11. Ba3 Qa5 12. Na4 Re8 13. Qe1 Qc7 14. Kh1 Ba6
15. Qd2 Bd6 16. g3 Rab8 17. Rfe1 Bb5 18. Nc3 Qa5 19. Nxb5 Qxd2 20. Nxd2 cxb5
21. c4 b4 22. Bb2 d4 23. Ne4 Bf8 24. Kg1 Rb6 25. Ng5 Rxe1+ 26. Rxe1 Ra6 27. Ra1
Be7 28. Nf3 Bf6 29. a4 Re6 30. Re1 Rxe1+ 31. Nxe1 g5 32. Bc1 h6 33. g4 Kg7 34.
Kg2 Nb8 35. Kf3 Nc6 36. Nc2 gxf4 37. Bxf4 Be5 38. Ke4 Bxf4 39. Kxf4 Kf6 40. h4
Ne5 41. Ke4 Ke6 42. g5 hxg5 43. hxg5 Ng4 44. Ne1 Ne3 45. Nf3 Nf5 46. Kf4 Ne3
47. Ke4 Nd1 48. Ne5 Nf2+ 49. Kf4 a6 50. Nc6 Nxd3+ 51. Ke4 Nc1 52. Nd8+ Ke7 53.
Nc6+ Ke6 54. Nd8+ Ke7 55. Nc6+ Kf8 56. Na5 Kg7 57. Nb7 Nxb3 58. Nxc5 Nxc5+ 59.
Kxd4 Nxa4 0-1

[Event "Montreal CC-ch"]
[Site "Montreal CAN"]
[Date "2016.06.12"]
[Round "5.10"]
[White "Millette, Sylvain"]
[Black "Struben, Jeroen"]
[Result "0-1"]
[WhiteElo "1699"]
[BlackElo "1796"]
[PlyCount "80"]
[EventDate "2016.06.10"]
[EventType "swiss"]
[EventRounds "5"]
[EventCountry "CAN"]

1. e4 d6 2. Nc3 Nf6 3. Bc4 g6 4. Nf3 c5 5. Ng5 e6 6. d3 h6 7. Nf3 Nc6 8. O-O
Bg7 9. Bf4 g5 10. Bg3 Nh5 11. Ne5 Nxg3 12. Nxc6 bxc6 13. fxg3 Rb8 14. Qh5 O-O
15. Bb3 d5 16. Rf3 Qe8 17. exd5 exd5 18. Nxd5 cxd5 19. Bxd5 Be6 20. Re1 Qd7 21.
Bb3 Bxb3 22. axb3 Rbe8 23. Ref1 Re7 24. h4 Re5 25. hxg5 Rxg5 26. Qh4 Qd4+ 27.
Kh2 Qd5 28. g4 Qe6 29. Rf5 Qe2 30. R1f3 Qxc2 31. Rxg5 hxg5 32. Qh5 Qxb2 33. Rh3
Qe5+ 34. Kg1 Re8 35. Rf3 Qe1+ 36. Kh2 Qh4+ 37. Qxh4 gxh4 38. Kh3 Rb8 39. Kxh4
Rxb3 40. Kg5 Rb6 0-1

[Event "Montreal CC-ch"]
[Site "Montreal CAN"]
[Date "2016.06.12"]
[Round "5.11"]
[White "Johnson-Constantin, Matthieu"]
[Black "Zhong, Kevin"]
[Result "1-0"]
[WhiteElo "2006"]
[BlackElo "1447"]
[PlyCount "47"]
[EventDate "2016.06.10"]
[EventType "swiss"]
[EventRounds "5"]
[EventCountry "CAN"]

1. e4 c5 2. f4 d6 3. Nf3 Nc6 4. d3 g6 5. Be3 Bg7 6. c3 e6 7. Nbd2 Nge7 8. g4 f5
9. gxf5 exf5 10. Qb3 Na5 11. Qc2 O-O 12. O-O-O Be6 13. Kb1 b5 14. Ng5 Bd7 15.
d4 Rc8 16. dxc5 dxc5 17. e5 Nd5 18. Nc4 Nxc4 19. Bxc4 bxc4 20. Rxd5 Ba4 21. Qd2
Qb6 22. Rd6 Qb7 23. Re1 Kh8 24. Ne6 1-0

[Event "Montreal CC-ch"]
[Site "Montreal CAN"]
[Date "2016.06.12"]
[Round "5.12"]
[White "Nunez, Omar"]
[Black "Neron, Raynald"]
[Result "0-1"]
[WhiteElo "1930"]
[BlackElo "1437"]
[PlyCount "66"]
[EventDate "2016.06.10"]
[EventType "swiss"]
[EventRounds "5"]
[EventCountry "CAN"]

1. f4 Nf6 2. e3 c5 3. b3 Nc6 4. Bb2 e6 5. Nf3 d6 6. Be2 Be7 7. O-O Bd7 8. a4
Qc7 9. Na3 a6 10. d3 Nd5 11. Qd2 e5 12. fxe5 dxe5 13. Nc4 Bf6 14. a5 O-O 15. g3
Bh3 16. Rf2 e4 17. dxe4 Bxb2 18. Nxb2 Nf6 19. Bd3 Ng4 20. Re2 Nce5 21. Nxe5
Qxe5 22. c3 Rad8 23. Qc2 h5 24. Nc4 Qg5 25. Nb6 Ne5 26. Nd5 h4 27. Kh1 hxg3 28.
Rg1 g2+ 29. Rexg2 Bxg2+ 30. Rxg2 Qh4 31. Be2 Rd6 32. c4 Rg6 33. Nf4 Qe1+ 0-1

[Event "Montreal op"]
[Site "Montreal CAN"]
[Date "2016.09.09"]
[Round "1.3"]
[White "Sprumont, Oscar"]
[Black "Perez Rodriguez, Luis Manuel"]
[Result "1/2-1/2"]
[WhiteElo "2141"]
[BlackElo "2447"]
[PlyCount "47"]
[EventDate "2016.09.09"]
[EventType "swiss"]
[EventRounds "5"]
[EventCountry "CAN"]

1. Nf3 d5 2. c4 c6 3. cxd5 cxd5 4. d4 Nf6 5. Nc3 Nc6 6. Bf4 a6 7. Ne5 e6 8. e3
Be7 9. Bd3 Nxe5 10. Bxe5 O-O 11. O-O b5 12. a4 b4 13. Ne2 Ng4 14. Bg3 Bd6 15.
Qd2 Bxg3 16. Nxg3 a5 17. f3 Nf6 18. Rfc1 Bb7 19. Rc2 Qd6 20. Rac1 Rfc8 21. Bb5
g6 22. Ne2 Rxc2 23. Rxc2 Kg7 24. Nf4 1/2-1/2

[Event "Montreal op"]
[Site "Montreal CAN"]
[Date "2016.09.09"]
[Round "1.4"]
[White "Neef, Maximilian"]
[Black "Munro, Allan"]
[Result "1-0"]
[WhiteElo "2442"]
[BlackElo "2143"]
[PlyCount "81"]
[EventDate "2016.09.09"]
[EventType "swiss"]
[EventRounds "5"]
[EventCountry "CAN"]

1. Nf3 Nf6 2. c4 c5 3. g3 g6 4. Bg2 Bg7 5. Nc3 Nc6 6. O-O O-O 7. d4 cxd4 8.
Nxd4 Qa5 9. Nb3 Qh5 10. e4 d6 11. Qxh5 Nxh5 12. c5 dxc5 13. Nxc5 e5 14. Nd5 b6
15. Na4 Bb7 16. Nac3 Nf6 17. Bg5 Nxd5 18. exd5 Nd4 19. Be7 Rfe8 20. d6 Bxg2 21.
Kxg2 Nf5 22. Nd5 Nxe7 23. Nxe7+ Kf8 24. Nc6 Rec8 25. Rac1 Ke8 26. b4 a6 27. a4
Kd7 28. b5 axb5 29. axb5 Kxd6 30. Rfd1+ Ke6 31. Rc2 f5 32. Rcd2 Bf8 33. Rd7 e4
34. Nd8+ Rxd8 35. Rxd8 Rxd8 36. Rxd8 Bc5 37. h4 h5 38. Rg8 Kf6 39. Rc8 Ke6 40.
Rc6+ Kf7 41. Rxc5 1-0

[Event "Montreal op"]
[Site "Montreal CAN"]
[Date "2016.09.09"]
[Round "1.7"]
[White "Drolet, Stephane"]
[Black "Yu, Zong Yang"]
[Result "0-1"]
[WhiteElo "2128"]
[BlackElo "2407"]
[PlyCount "58"]
[EventDate "2016.09.09"]
[EventType "swiss"]
[EventRounds "5"]
[EventCountry "CAN"]

1. Nf3 Nf6 2. d4 g6 3. c4 Bg7 4. Nc3 O-O 5. e4 d6 6. Be2 e5 7. O-O Na6 8. d5
Nc5 9. Nd2 a5 10. Rb1 h5 11. b3 Bh6 12. Qc2 Nh7 13. a3 f5 14. b4 axb4 15. axb4
Bxd2 16. bxc5 Bxc1 17. Qxc1 dxc5 18. f4 Qf6 19. Qe3 exf4 20. Rxf4 Qe5 21. Nd1
Re8 22. Nf2 g5 23. Rf3 fxe4 24. Rg3 h4 25. Ng4 Bxg4 26. Rxg4 Qd4 27. Qxd4 cxd4
28. g3 h3 29. Bf1 Re5 0-1

[Event "Montreal op"]
[Site "Montreal CAN"]
[Date "2016.09.09"]
[Round "1.8"]
[White "Vijayalakshmi, Subbaraman"]
[Black "Bassel, Charaf"]
[Result "1-0"]
[WhiteElo "2384"]
[BlackElo "2109"]
[PlyCount "53"]
[EventDate "2016.09.09"]
[EventType "swiss"]
[EventRounds "5"]
[EventCountry "CAN"]

1. d4 d5 2. c4 Nc6 3. Nf3 Bg4 4. cxd5 Bxf3 5. dxc6 Bxc6 6. Nc3 Nf6 7. Bg5 Qd6
8. Bxf6 Qxf6 9. d5 O-O-O 10. Qb3 Bd7 11. e4 e5 12. Bb5 Bc5 13. O-O Qb6 14. a4
a5 15. Rac1 Bg4 16. h3 h5 17. Qc4 Rd6 18. Rc2 Rf6 19. d6 Be6 20. Nd5 Bxd5 21.
d7+ Kd8 22. exd5 Bd6 23. Rfc1 Rf4 24. Qe2 h4 25. Rc3 Qd4 26. Rc4 Qxc4 27. Rxc4
1-0

[Event "Montreal op"]
[Site "Montreal CAN"]
[Date "2016.09.09"]
[Round "1.9"]
[White "Huang, Qiuyu"]
[Black "Milicevic, Goran"]
[Result "0-1"]
[WhiteElo "2105"]
[BlackElo "2380"]
[PlyCount "102"]
[EventDate "2016.09.09"]
[EventType "swiss"]
[EventRounds "5"]
[EventCountry "CAN"]

1. e4 e6 2. d4 d5 3. e5 c5 4. c3 Nc6 5. Nf3 Qb6 6. a3 c4 7. Be2 Bd7 8. Qc2 Na5
9. Nbd2 f6 10. Rb1 Nh6 11. Nf1 Nf7 12. Ng3 fxe5 13. Nxe5 Nxe5 14. dxe5 O-O-O
15. Bg5 Re8 16. O-O Bc5 17. Nh5 Reg8 18. Bh4 Be8 19. Qd2 Nb3 20. Qf4 Rf8 21.
Qg5 Rhg8 22. Bg4 Bxh5 23. Qxh5 Nd2 24. Rbd1 Nxf1 25. Rxf1 g6 26. Qh6 Rf7 27.
Qd2 Kb8 28. Kh1 h5 29. Bd1 Be7 30. Bxe7 Rxe7 31. h4 Rf7 32. g3 Qd8 33. Qg5 Qxg5
34. hxg5 b5 35. f4 Kc7 36. Bc2 Kb6 37. Kg2 a5 38. Kf3 Kc5 39. Ke3 Rb7 40. Ra1
Rbg7 41. Rh1 Rh8 42. Bb1 b4 43. axb4+ axb4 44. cxb4+ Kxb4 45. Kd4 Ra8 46. f5
gxf5 47. Rxh5 Ra1 48. Bc2 Rc1 49. Rh2 Rxg5 50. Rh7 Rg4+ 51. Ke3 Rxc2 0-1

[Event "Montreal op"]
[Site "Montreal CAN"]
[Date "2016.09.09"]
[Round "1.10"]
[White "Leveille, Francois"]
[Black "Turcotte, Jonathan"]
[Result "0-1"]
[WhiteElo "2357"]
[BlackElo "2102"]
[PlyCount "86"]
[EventDate "2016.09.09"]
[EventType "swiss"]
[EventRounds "5"]
[EventCountry "CAN"]

1. e4 c6 2. d4 d5 3. e5 Bf5 4. Nf3 e6 5. Be2 c5 6. Be3 Qb6 7. Nc3 Nc6 8. O-O
Qxb2 9. Nb5 c4 10. Nc7+ Kd7 11. Nxa8 Bxc2 12. Qc1 Ba3 13. Qxb2 Bxb2 14. Rfb1
Bxb1 15. Rxb1 c3 16. Bc1 Nge7 17. Bxb2 cxb2 18. Rxb2 Kc8 19. Ng5 Nd8 20. Bg4
Kb8 21. Nb6 axb6 22. Rxb6 h6 23. Nf3 Ndc6 24. h4 Kc7 25. Rb2 Ra8 26. h5 Ra4 27.
Rd2 Nc8 28. Bh3 Nb6 29. g4 Nc4 30. Re2 Ra3 31. Bg2 Rxf3 32. Bxf3 Nxd4 33. Kg2
Nxe2 34. Bxe2 Nxe5 35. f4 Nc6 36. Bd3 f6 37. Bb1 Kd6 38. Kg3 e5 39. fxe5+ fxe5
40. g5 Kc5 41. gxh6 gxh6 42. Kg4 Ne7 43. Kf3 Kd4 0-1